000
00337nam a2200157Ia 4500
003
OSt
005
20240209112437.0
008
170524s9999 xx 000 0 und d
020
_a
9780071202404
040
_c
IIMT
100
_a
Roddy- D.
245
0
_a
Satellite Communications
260
_b
T.M.H.
260
_c
2011
942
_2
ddc
_c
02
999
_c
6102
_d
6102